| 000 | 00861nam a22002297a 4500 | ||
|---|---|---|---|
| 999 |
_c12684 _d12684 |
||
| 003 | AR-CdUCM | ||
| 008 | 190409b ||||| |||| 00| 0 spa d | ||
| 020 | _a978-0-545-45888-7 | ||
| 040 |
_aMUNICIPALIDAD PROVINCIAL DEL CUSCO _cBIBLIOTECA MUNICIPAL DEL CUSCO |
||
| 082 |
_aEP / 620 / _bAR73 |
||
| 100 |
_aArlon, Penelope _930662 |
||
| 245 |
_aScholastic, explora tu mundo : _bLos planetas / |
||
| 260 |
_aSingapur : _bFirst spanish edition, _c2012. |
||
| 300 |
_a80 paginas _c26 cm. |
||
| 500 | _aLos animalitos mas espeluznantes de la tierra. | ||
| 505 | _aContenido :Los planetas -- El sistema solar -- Los asteroides -- Entrevista con un astronauta -- Los transbordadores ... | ||
| 650 |
_aSistema planetario solar _926597 |
||
| 650 |
_aVía láctea _930672 |
||
| 700 |
_aGordon-Harris, Tory _930664 |
||
| 942 |
_2ddc _cLIBROS |
||
| 945 |
_arum _d2019-04-09 |
||